[Event "Titled Tuesday intern op 02nd Apr Early"]
[Site "Chess.com INT"]
[Date "2024.04.02"]
[Round "3"]
[White "Provotorov, Ivan"]
[Black "Teimouri Yadkuri, Shahdad"]
[Result "1-0"]
[WhiteElo "2303"]
[BlackElo "2201"]
[PlyCount "127"]
[EventDate "2024.04.02"]
[EventType "swiss (blitz)"]
[EventRounds "11"]
[EventCountry "USA"]
[SourceTitle "CB15_2024"]
[SourceDate "2024.04.10"]
[SourceVersion "1"]
[SourceVersionDate "2024.04.10"]
[SourceQuality "1"]

1. c4 c6 2. e4 d5 3. exd5 cxd5 4. cxd5 Nf6 5. Nc3 g6 6. d4 Bg7 7. Bb5+ Nbd7 8. d6 exd6 9. Qe2+ Qe7 10. Qxe7+ Kxe7 11. Nf3 Rd8 12. 0-0 Kf8 13. Bf4 Nb6 14. Rfe1 Nbd5 15. Nxd5 Nxd5 16. Bxd6+ Kg8 17. Be5 Bg4 18. Bxg7 Bxf3 19. Be5 Bg4 20. Rac1 Be6 21. a3 Rac8 22. f3 Rxc1 23. Rxc1 Rc8 24. Rxc8+ Bxc8 25. Kf2 a6 26. Bd3 Kf8 27. g4 Ke7 28. h4 Be6 29. h5 Nb6 30. Be4 Bd5 31. b3 Ke6 32. Bc7 Nd7 33. Ke3 b5 34. b4 Nf6 35. hxg6 hxg6 36. Be5 Bxe4 37. Bxf6 Bd5 38. Be5 Bc6 39. f4 Bd5 40. Kd3 Bc6 41. Ke3 Bd5 42. Kd3 Bf3 43. g5 Bd5 44. Kc3 Kf5 45. Kb2 Ke4 46. Kc3 Ke3 47. Bd6 Bc4 48. Be5 Ke4 49. Bd6 Bd5 50. Be5 Be6 51. Bd6 Kd5 52. Be5 Bf5 53. Bf6 Bh3 54. Be5 Bf1 55. Bf6 Bc4 56. Be5 Ke4 57. Bf6 Kxf4 58. Be7 Kf5 59. Bf6 Ke6 60. Bd8 f5 61. gxf6 g5 62. Kd2 Kd7 63. Be7 Bd5 64. Ke3 1-0

[Event "Titled Tuesday intern op 02nd Apr Early"]
[Site "Chess.com INT"]
[Date "2024.04.02"]
[Round "1"]
[White "Skvortsov, Andrei"]
[Black "Provotorov, Ivan"]
[Result "0-1"]
[WhiteElo "2304"]
[BlackElo "2303"]
[PlyCount "102"]
[EventDate "2024.04.02"]
[EventType "swiss (blitz)"]
[EventRounds "11"]
[EventCountry "USA"]
[SourceTitle "CB15_2024"]
[SourceDate "2024.04.10"]
[SourceVersion "1"]
[SourceVersionDate "2024.04.10"]
[SourceQuality "1"]

1. e4 e6 2. Nf3 d5 3. exd5 exd5 4. Bd3 Nf6 5. 0-0 Bg4 6. h3 Bh5 7. c3 Be7 8. Re1 0-0 9. Bc2 c5 10. d4 cxd4 11. cxd4 Nc6 12. Be3 Ne4 13. Nc3 Nxc3 14. bxc3 Na5 15. Rb1 b6 16. Qd3 Bg6 17. Qe2 Bxc2 18. Qxc2 Rc8 19. Qd3 Nc4 20. Bf4 Bf6 21. Re2 Re8 22. Rbe1 Rxe2 23. Rxe2 Qd7 24. g4 g6 25. Kg2 Re8 26. Ne5 Nxe5 27. dxe5 Bg7 28. Bg3 Qc6 29. Kg1 Rc8 30. Bf4 Qxc3 31. Qxd5 Qxh3 32. Qd7 Rf8 33. Re3 Qh4 34. Bg3 Qd8 35. Qxa7 Qd1+ 36. Kg2 Qxg4 37. Qxb6 h5 38. f3 Qg5 39. Re4 Rd8 40. Rd4 Rc8 41. Qb3 Bxe5 42. f4 Qg4 43. Re4 h4 44. Rxe5 hxg3 45. Re7 Qxf4 46. Rd7 Qf2+ 47. Kh3 Qf5+ 48. Kh4 Qxd7 49. Qxg3 Rc4+ 50. Kg5 Qf5+ 51. Kh6 Qh5# 0-1

[Event "Titled Tuesday intern op 12th Mar Early"]
[Site "Chess.com INT"]
[Date "2024.03.12"]
[Round "2"]
[White "Provotorov, Ivan"]
[Black "Papasimakopoulos, Alexandros"]
[Result "0-1"]
[WhiteElo "2303"]
[BlackElo "2402"]
[PlyCount "108"]
[EventDate "2024.03.12"]
[EventType "swiss (blitz)"]
[EventRounds "11"]
[EventCountry "USA"]
[SourceTitle "CB12_2024"]
[SourceDate "2023.10.01"]
[SourceVersion "1"]
[SourceVersionDate "2023.10.01"]
[SourceQuality "1"]

1. c4 e6 2. Nc3 d5 3. d4 a6 4. cxd5 exd5 5. Nf3 c6 6. Bg5 Be7 7. Qd2 h6 8. Bxe7 Nxe7 9. e3 Bf5 10. Be2 Nd7 11. 0-0 0-0 12. b4 b5 13. a4 Nb6 14. a5 Nc4 15. Bxc4 dxc4 16. e4 Bg4 17. Ne5 Be6 18. Rad1 f6 19. Nf3 Bg4 20. Qf4 Bxf3 21. Qxf3 Qd6 22. Na2 Rad8 23. Rfe1 Rd7 24. Qe3 Rfd8 25. Rd2 Ng6 26. g3 Nf8 27. Red1 Qe7 28. f4 Re8 29. Re1 Red8 30. f5 Nh7 31. h4 Nf8 32. Kh1 Rd6 33. g4 Qd7 34. Red1 Qb7 35. Nc3 Re8 36. Kh2 Qe7 37. Re2 Rd7 38. Rg2 Qxb4 39. g5 Qd6+ 40. Kh1 hxg5 41. hxg5 fxg5 42. Rxg5 Qh6+ 43. Kg2 Nh7 44. Rg3 Qxe3 45. Rxe3 Nf6 46. e5 Nd5 47. Rg3 Nxc3 48. Rxc3 Rxe5 49. dxe5 Rxd1 50. Kf3 c5 51. Ke4 Rd4+ 52. Kf3 Rd3+ 53. Rxd3 cxd3 54. Ke3 c4 0-1

[Event "Titled Tuesday intern op 11th Jan"]
[Site "Chess.com INT"]
[Date "2022.01.11"]
[Round "2"]
[White "Provotorov, Ivan"]
[Black "Hamley, Ryan"]
[Result "0-1"]
[WhiteElo "2303"]
[BlackElo "2077"]
[PlyCount "58"]
[EventDate "2022.01.11"]
[EventType "swiss (blitz)"]
[EventRounds "11"]
[EventCountry "USA"]
[SourceTitle "CBM 206 Extra"]
[Source "ChessBase"]
[SourceDate "2022.03.31"]
[SourceVersion "1"]
[SourceVersionDate "2022.03.31"]
[SourceQuality "1"]

1. c4 g6 2. d4 Bg7 3. e4 c5 4. d5 d6 5. Nc3 e6 6. Bd3 exd5 7. cxd5 Nf6 8. h3 a6 9. a4 0-0 10. Nf3 Qc7 11. 0-0 Nbd7 12. Bf4 Rb8 13. Re1 c4 14. Bc2 b5 15. axb5 axb5 16. e5 Nh5 17. exd6 Qb6 18. Bh2 Bb7 19. Re7 Rbd8 20. Qd2 Nhf6 21. Ne5 Nc5 22. Re1 b4 23. Na4 Nxa4 24. Bxa4 Bxd5 25. Nd7 Nxd7 26. Qxd5 Nc5 27. Bc6 c3 28. bxc3 Bxc3 29. Rd1 b3 0-1

[Event "Titled Tuesday intern op 04th Jan"]
[Site "Chess.com INT"]
[Date "2022.01.04"]
[Round "2"]
[White "Provotorov, Ivan"]
[Black "Demchenko, Anton"]
[Result "1-0"]
[WhiteElo "2303"]
[BlackElo "2654"]
[PlyCount "95"]
[EventDate "2022.01.04"]
[EventType "swiss (blitz)"]
[EventRounds "11"]
[EventCountry "USA"]
[SourceTitle "EXT 2023"]
[Source "ChessBase"]
[SourceDate "2022.10.05"]
[SourceVersion "1"]
[SourceVersionDate "2022.10.05"]
[SourceQuality "1"]

1. c4 e5 2. Nc3 Bb4 3. Qc2 Nf6 4. Nf3 Bxc3 5. Qxc3 d6 6. d4 e4 7. Ng5 h6 8. Nh3 Bxh3 9. Qxh3 Nc6 10. Qc3 d5 11. e3 0-0 12. b3 Ne7 13. Be2 Re8 14. 0-0 Nf5 15. Bd2 c6 16. b4 a6 17. a4 Rc8 18. Qb3 Qc7 19. Rfc1 Qd6 20. b5 axb5 21. cxb5 h5 22. Bb4 Qe6 23. a5 cxb5 24. Bxb5 Rxc1+ 25. Rxc1 Ra8 26. Rc7 Nd6 27. Bf1 Nfe8 28. Bxd6 Nxd6 29. Qb6 h4 30. a6 bxa6 31. Rc6 Rc8 32. Rxd6 Qe7 33. Rxd5 h3 34. g3 Kh7 35. Re5 Qd7 36. Rh5+ Kg8 37. Bxh3 Rc1+ 38. Kg2 Qe8 39. Re5 Qf8 40. Qb2 Rd1 41. Qb3 Rc1 42. Qa4 Qc8 43. Bxc8 Rxc8 44. Re8+ Rxe8 45. Qxe8+ Kh7 46. Qa8 g6 47. Qxa6 Kg7 48. Qb5 1-0

[Event "Titled Tuesday intern op 04th Jan"]
[Site "Chess.com INT"]
[Date "2022.01.04"]
[Round "11"]
[White "Provotorov, Ivan"]
[Black "Yaran, Siar"]
[Result "1/2-1/2"]
[WhiteElo "2303"]
[BlackElo "2272"]
[PlyCount "117"]
[EventDate "2022.01.04"]
[EventType "swiss (blitz)"]
[EventRounds "11"]
[EventCountry "USA"]
[SourceTitle "EXT 2023"]
[Source "ChessBase"]
[SourceDate "2022.10.05"]
[SourceVersion "1"]
[SourceVersionDate "2022.10.05"]
[SourceQuality "1"]

1. c4 e6 2. Nc3 d5 3. d4 Nf6 4. cxd5 exd5 5. Bg5 Be7 6. e3 c6 7. Bd3 Nbd7 8. Qc2 Nh5 9. Bxe7 Qxe7 10. 0-0-0 Nhf6 11. Nf3 Nb6 12. h3 Be6 13. Ne5 0-0-0 14. Kb1 Kb8 15. Na4 Nxa4 16. Qxa4 Nd7 17. Rc1 Nxe5 18. dxe5 c5 19. f4 c4 20. Bc2 Qc5 21. Rhe1 d4 22. exd4 Rxd4 23. f5 Bd7 24. Qa3 Qxa3 25. bxa3 Re8 26. g4 Rd5 27. Rcd1 Rxd1+ 28. Bxd1 Kc7 29. Bf3 Bc6 30. Bd1 Kb6 31. Kb2 Kc5 32. Kc3 b5 33. g5 a5 34. Bg4 b4+ 35. Kb2 Kd4 36. e6 fxe6 37. fxe6 Re7 38. Rd1+ Kc5 39. axb4+ axb4 40. Rd8 Bd5 41. Rc8+ Kd4 42. Rd8 Ke5 43. Rb8 b3 44. axb3 cxb3 45. Rb5 Kd6 46. Rb6+ Kc5 47. Ra6 Kb5 48. Rd6 Kc5 49. Ra6 Bc4 50. Ra8 Bxe6 51. Bxe6 Rxe6 52. Ra7 g6 53. Rxh7 Re3 54. h4 Kc4 55. Rc7+ Kb4 56. Rb7+ Kc4 57. Rc7+ Kd5 58. Rg7 Kc4 59. Rc7+ 1/2-1/2

[Event "Titled Tuesday intern op 09th Nov"]
[Site "Chess.com INT"]
[Date "2021.11.09"]
[Round "3"]
[White "Havanecz, Bianka"]
[Black "Provotorov, Ivan"]
[Result "0-1"]
[WhiteElo "2224"]
[BlackElo "2303"]
[PlyCount "70"]
[EventDate "2021.11.09"]
[EventType "swiss (blitz)"]
[EventRounds "11"]
[EventCountry "USA"]
[SourceTitle "CBM 205 Extra"]
[Source "ChessBase"]
[SourceDate "2022.01.31"]
[SourceVersion "1"]
[SourceVersionDate "2022.01.31"]
[SourceQuality "1"]

1. d4 c6 2. c4 d5 3. Nf3 Nf6 4. Nc3 a6 5. e3 b5 6. c5 a5 7. a3 g6 8. Be2 Bg7 9. 0-0 0-0 10. b3 Nbd7 11. Bb2 Qc7 12. b4 Re8 13. Re1 e5 14. dxe5 Nxe5 15. Nxe5 Qxe5 16. Na4 Qc7 17. Nb6 Ra7 18. Nxc8 Rxc8 19. Bd4 Rca8 20. Qb3 Ne4 21. Rad1 axb4 22. axb4 Ra3 23. Qb1 Nc3 24. Bxc3 Bxc3 25. Rf1 R3a4 26. Qd3 Bxb4 27. Rc1 Qe7 28. Bf3 Bxc5 29. h3 Rc4 30. Rxc4 bxc4 31. Qc2 Qe5 32. e4 Bd6 33. g3 Ra3 34. Bg2 Bc5 35. exd5 cxd5 0-1

[Event "Titled Tuesday intern op 09th Nov"]
[Site "Chess.com INT"]
[Date "2021.11.09"]
[Round "11"]
[White "Provotorov, Ivan"]
[Black "Vrbljanac, Aleksandar"]
[Result "1-0"]
[WhiteElo "2303"]
[BlackElo "2280"]
[PlyCount "31"]
[EventDate "2021.11.09"]
[EventType "swiss (blitz)"]
[EventRounds "11"]
[EventCountry "USA"]
[SourceTitle "CBM 205 Extra"]
[Source "ChessBase"]
[SourceDate "2022.01.31"]
[SourceVersion "1"]
[SourceVersionDate "2022.01.31"]
[SourceQuality "1"]

1. Nf3 d5 2. g3 g6 3. Bg2 Bg7 4. 0-0 e5 5. c4 dxc4 6. Qa4+ Nc6 7. Qxc4 Nge7 8. Nc3 0-0 9. d3 Be6 10. Qa4 f5 11. Ng5 Bd7 12. Qb3+ Kh8 13. Nf7+ Rxf7 14. Qxf7 Nd4 15. Bg5 Bf8 16. Bf6+ 1-0

[Event "Titled Tuesday intern op 09th Nov"]
[Site "Chess.com INT"]
[Date "2021.11.09"]
[Round "7"]
[White "Wanyama, Harold"]
[Black "Provotorov, Ivan"]
[Result "0-1"]
[WhiteElo "2291"]
[BlackElo "2303"]
[PlyCount "84"]
[EventDate "2021.11.09"]
[EventType "swiss (blitz)"]
[EventRounds "11"]
[EventCountry "USA"]
[SourceTitle "CBM 205 Extra"]
[Source "ChessBase"]
[SourceDate "2022.01.31"]
[SourceVersion "1"]
[SourceVersionDate "2022.01.31"]
[SourceQuality "1"]

1. d4 d5 2. c4 dxc4 3. Nc3 a6 4. a4 Nc6 5. e3 e5 6. d5 Na5 7. e4 Nf6 8. Nf3 Bg4 9. Qc2 Bxf3 10. gxf3 Bb4 11. Be3 0-0 12. Be2 Nh5 13. 0-0 Qh4 14. Kh1 f5 15. exf5 Nb3 16. Rad1 Nd4 17. Qd2 Nxf5 18. Rg1 Rad8 19. Rg4 Qh3 20. Rxc4 Nxe3 21. Qxe3 Nf4 22. Bf1 Qh5 23. Rxb4 Rd6 24. Rxf4 Rxf4 25. Ne4 Rxf3 26. Qg5 Qxg5 27. Nxg5 Rxf2 28. b3 Rf4 29. Ne6 Rb4 30. Rc1 c6 31. Nc5 cxd5 32. a5 Rc6 33. Bg2 Rd4 34. b4 Rxb4 35. Bxd5+ Kf8 36. Bxc6 bxc6 37. Nxa6 Ra4 38. Rc5 e4 39. Nc7 Ke7 40. Re5+ Kd6 41. Re8 Kxc7 42. Kg2 Kd7 0-1

[Event "Titled Tuesday intern op 02nd Nov"]
[Site "Chess.com INT"]
[Date "2021.11.02"]
[Round "7"]
[White "Holt, Conrad"]
[Black "Provotorov, Ivan"]
[Result "1-0"]
[WhiteElo "2549"]
[BlackElo "2303"]
[PlyCount "39"]
[EventDate "2021.11.02"]
[EventType "swiss (blitz)"]
[EventRounds "11"]
[EventCountry "USA"]
[SourceTitle "CBM 205 Extra"]
[Source "ChessBase"]
[SourceDate "2022.01.31"]
[SourceVersion "1"]
[SourceVersionDate "2022.01.31"]
[SourceQuality "1"]

1. d4 d5 2. c4 c6 3. Nc3 Nf6 4. e3 Bf5 5. cxd5 cxd5 6. Qb3 Qd7 7. Nf3 Nc6 8. Ne5 Qc7 9. Bd2 e6 10. Rc1 Be7 11. Bb5 0-0 12. Na4 Ne4 13. Bxc6 Nxd2 14. Qxb7 Qa5 15. Qxe7 Nf3+ 16. Ke2 Nxe5 17. dxe5 Qa6+ 18. Kf3 Rac8 19. Qb7 Qd3 20. Nc5 1-0

[Event "Titled Tuesday intern op 02nd Nov"]
[Site "Chess.com INT"]
[Date "2021.11.02"]
[Round "1"]
[White "Kozina, Anastasia"]
[Black "Provotorov, Ivan"]
[Result "0-1"]
[WhiteElo "2117"]
[BlackElo "2303"]
[PlyCount "50"]
[EventDate "2021.11.02"]
[EventType "swiss (blitz)"]
[EventRounds "11"]
[EventCountry "USA"]
[SourceTitle "CBM 205 Extra"]
[Source "ChessBase"]
[SourceDate "2022.01.31"]
[SourceVersion "1"]
[SourceVersionDate "2022.01.31"]
[SourceQuality "1"]

1. e4 e6 2. d4 d5 3. Nd2 Be7 4. e5 c5 5. c3 Nc6 6. Bd3 Qb6 7. Ndf3 cxd4 8. cxd4 Bd7 9. Ne2 Nb4 10. Bb1 Bb5 11. 0-0 Qa6 12. Re1 Nd3 13. Bxd3 Bxd3 14. Nc3 Bd8 15. Bg5 Ne7 16. Qd2 0-0 17. Rad1 Bg6 18. Rc1 Rc8 19. h3 h6 20. Be3 Nc6 21. b3 Ba5 22. Red1 Nb4 23. Qe2 Nd3 24. Nxd5 exd5 25. Rxc8 Rxc8 0-1

[Event "Titled Tuesday intern op 02nd Nov"]
[Site "Chess.com INT"]
[Date "2021.11.02"]
[Round "10"]
[White "Provotorov, Ivan"]
[Black "Belenkaya, Dina"]
[Result "1-0"]
[WhiteElo "2303"]
[BlackElo "2277"]
[PlyCount "93"]
[EventDate "2021.11.02"]
[EventType "swiss (blitz)"]
[EventRounds "11"]
[EventCountry "USA"]
[SourceTitle "CBM 205 Extra"]
[Source "ChessBase"]
[SourceDate "2022.01.31"]
[SourceVersion "1"]
[SourceVersionDate "2022.01.31"]
[SourceQuality "1"]

1. c4 e5 2. Nc3 Nc6 3. Nf3 Nf6 4. e3 Bb4 5. Qc2 Bxc3 6. Qxc3 d6 7. d4 exd4 8. Nxd4 0-0 9. Nxc6 bxc6 10. b3 Bf5 11. Bb2 Re8 12. Be2 a5 13. 0-0 a4 14. b4 Qe7 15. a3 Qf8 16. f3 Nd7 17. e4 Be6 18. f4 f5 19. Bd3 fxe4 20. Bxe4 d5 21. Bc2 dxc4 22. Rae1 Nf6 23. Rf3 Bd5 24. Rg3 Rxe1+ 25. Qxe1 Re8 26. Qc3 Qe7 27. Qe5 Qxe5 28. Bxe5 Kf7 29. Bxa4 g6 30. Bc2 Re7 31. h3 Ne4 32. Re3 Nd6 33. g4 Re8 34. Kf2 Ra8 35. f5 Rb8 36. h4 Re8 37. fxg6+ hxg6 38. h5 gxh5 39. gxh5 Re6 40. Bg6+ Kg8 41. a4 c3 42. Bxc3 Rxe3 43. Kxe3 Bc4 44. h6 Nf7 45. h7+ Kf8 46. Bxf7 Kxf7 47. h8Q 1-0

[Event "Titled Tuesday intern op 02nd Nov"]
[Site "Chess.com INT"]
[Date "2021.11.02"]
[Round "8"]
[White "Provotorov, Ivan"]
[Black "Czerw, Dawid"]
[Result "1-0"]
[WhiteElo "2303"]
[BlackElo "2401"]
[PlyCount "103"]
[EventDate "2021.11.02"]
[EventType "swiss (blitz)"]
[EventRounds "11"]
[EventCountry "USA"]
[SourceTitle "CBM 205 Extra"]
[Source "ChessBase"]
[SourceDate "2022.01.31"]
[SourceVersion "1"]
[SourceVersionDate "2022.01.31"]
[SourceQuality "1"]

1. c4 c5 2. Nf3 Nc6 3. e3 Nf6 4. Nc3 d5 5. cxd5 Nxd5 6. Bb5 Nc7 7. Bxc6+ bxc6 8. d4 cxd4 9. Qxd4 Qxd4 10. Nxd4 Bb7 11. Nb3 e5 12. Na5 Ba6 13. Nxc6 f6 14. Bd2 Bb7 15. Na5 Bxg2 16. Rg1 Bf3 17. Rg3 Bh5 18. Rc1 Kf7 19. Ne4 Ne6 20. Nb7 Rb8 21. Nbd6+ Bxd6 22. Nxd6+ Ke7 23. Nf5+ Kf7 24. b3 Rhd8 25. Nxg7 Nxg7 26. Rc7+ Ke6 27. Rgxg7 Rd3 28. e4 f5 29. Rc6+ Rd6 30. exf5+ Kd5 31. Rxd6+ Kxd6 32. Rxh7 Bf3 33. Rxa7 Rg8 34. Bb4+ Kd5 35. Kd2 Ke4 36. Ra4 Kxf5 37. Bc3 Rg2 38. Ke3 Bc6 39. Ra5 Rxh2 40. Rxe5+ Kg6 41. Rc5 Rh3+ 42. Kd2 Bg2 43. Be5 Rf3 44. Bd4 Bf1 45. Be3 Rf6 46. a4 Rd6+ 47. Kc3 Rd3+ 48. Kc2 Rd7 49. a5 Be2 50. Kc3 Bd1 51. b4 Ba4 52. b5 1-0

[Event "Titled Tuesday intern op 02nd Nov"]
[Site "Chess.com INT"]
[Date "2021.11.02"]
[Round "6"]
[White "Provotorov, Ivan"]
[Black "Sliwicki, Damian"]
[Result "1-0"]
[WhiteElo "2303"]
[BlackElo "2168"]
[PlyCount "75"]
[EventDate "2021.11.02"]
[EventType "swiss (blitz)"]
[EventRounds "11"]
[EventCountry "USA"]
[SourceTitle "CBM 205 Extra"]
[Source "ChessBase"]
[SourceDate "2022.01.31"]
[SourceVersion "1"]
[SourceVersionDate "2022.01.31"]
[SourceQuality "1"]

1. c4 Nf6 2. Nc3 c5 3. Nf3 Nc6 4. e3 g6 5. d4 cxd4 6. exd4 d5 7. cxd5 Nxd5 8. Qb3 Nxc3 9. Bc4 Nd5 10. Bxd5 e6 11. Bxc6+ bxc6 12. 0-0 Bg7 13. Bf4 0-0 14. Be5 Qd5 15. Bxg7 Qxb3 16. axb3 Kxg7 17. Ra3 Rd8 18. Rfa1 a6 19. Kf1 Rb8 20. Ke2 Rb4 21. Ke3 Bb7 22. Rc1 f6 23. Rc4 Rb5 24. h4 h6 25. b4 Rd7 26. Ra5 Rdd5 27. Rxb5 axb5 28. Rc3 Rd8 29. Ra3 Ra8 30. Ra5 Kf7 31. Nd2 Ke7 32. Ne4 Rb8 33. Ra7 Kd8 34. Nxf6 Kc7 35. Ne4 Kb6 36. Ra3 Rf8 37. f4 Rf5 38. g3 1-0

[Event "Titled Tuesday intern op 02nd Nov"]
[Site "Chess.com INT"]
[Date "2021.11.02"]
[Round "11"]
[White "Shahinyan, David"]
[Black "Provotorov, Ivan"]
[Result "0-1"]
[WhiteElo "2469"]
[BlackElo "2303"]
[PlyCount "138"]
[EventDate "2021.11.02"]
[EventType "swiss (blitz)"]
[EventRounds "11"]
[EventCountry "USA"]
[SourceTitle "CBM 205 Extra"]
[Source "ChessBase"]
[SourceDate "2022.01.31"]
[SourceVersion "1"]
[SourceVersionDate "2022.01.31"]
[SourceQuality "1"]

1. e4 e6 2. d4 d5 3. e5 c5 4. c3 Qb6 5. Nf3 Nc6 6. a3 c4 7. Nbd2 Na5 8. g3 Bd7 9. h4 Ne7 10. Bh3 Nc8 11. 0-0 Qc7 12. Rb1 Nb6 13. Ne1 Ba4 14. Qe2 Be7 15. f4 g6 16. Ndf3 0-0-0 17. Be3 Kb8 18. Bf2 Ka8 19. Ng2 h6 20. Ne3 Rdg8 21. g4 h5 22. g5 Nd7 23. Bg3 Qc6 24. Ne1 Nb3 25. N1g2 a5 26. f5 gxf5 27. Nf4 Nf8 28. Kf2 Ng6 29. Neg2 Qb6 30. Kg1 Bd8 31. Kh2 Bc7 32. Nxh5 Nd2 33. Qxd2 Rxh5 34. Nf4 Rh7 35. Ng2 f4 36. Rxf4 Nxf4 37. Nxf4 Rgh8 38. h5 Rxh5 39. Nxh5 Rxh5 40. Kg2 Bd8 41. Bf4 Qb3 42. Bg4 Rh8 43. Rc1 Be7 44. Bd1 Qb5 45. Bf3 Qb6 46. Kg3 Qd8 47. Rh1 Rg8 48. Rh5 Be8 49. Kh4 f5 50. exf6 Bxf6 51. gxf6 Bxh5 52. Bxh5 Qxf6+ 53. Bg5 Qf5 54. Qf4 Qc2 55. Qf7 Rh8 56. Qg7 Qh2+ 57. Kg4 Qxh5+ 58. Kf4 Qh2+ 59. Kg4 Qh5+ 60. Kf4 Qe8 61. Ke5 Rg8 62. Qf6 Rg6 63. Qf4 Qg8 64. Kd6 Rxg5 65. Kc5 Rg7 66. Qd6 Qc8+ 67. Kb5 Qc6+ 68. Qxc6 bxc6+ 69. Kxc6 Rg2 0-1

[Event "Titled Tuesday intern op 27th July"]
[Site "Chess.com INT"]
[Date "2021.07.27"]
[Round "10"]
[White "Eggleston, Thomas"]
[Black "Provotorov, Ivan"]
[Result "0-1"]
[WhiteElo "2178"]
[BlackElo "2321"]
[PlyCount "113"]
[EventDate "2021.07.27"]
[EventType "swiss (blitz)"]
[EventRounds "11"]
[EventCountry "USA"]
[SourceTitle "CBM 203 Extra"]
[Source "ChessBase"]
[SourceDate "2021.09.30"]
[SourceVersion "1"]
[SourceVersionDate "2021.09.30"]
[SourceQuality "1"]

1. e4 e6 2. d4 d5 3. exd5 exd5 4. c4 Nf6 5. Nc3 Be7 6. Nf3 0-0 7. cxd5 Bg4 8. Bd3 Nbd7 9. h3 Bh5 10. g4 Bg6 11. Bxg6 hxg6 12. Ne5 Nb6 13. Be3 Nbxd5 14. 0-0 Nxc3 15. bxc3 Nd5 16. Qf3 c6 17. c4 Nxe3 18. fxe3 Bf6 19. Nd3 Qe7 20. Rae1 Rfe8 21. Nc5 b6 22. Nd3 Qe4 23. Qxe4 Rxe4 24. Nf2 Re7 25. Kg2 Rae8 26. Kf3 Bxd4 27. Nd1 Re4 28. Rf2 Bc5 29. Rd2 Bb4 30. Rde2 Bxe1 31. Rxe1 Rxc4 32. Re2 Rd8 33. Nf2 f5 34. gxf5 gxf5 35. Kg3 a5 36. h4 b5 37. Nh3 Rg4+ 38. Kf3 Rxh4 39. Nf4 Re8 40. Rc2 g5 41. Ng2 Rc4 42. Rd2 Re7 43. Rd6 Kf7 44. Rh6 Kg7 45. Rd6 a4 46. Rd2 b4 47. Ne1 b3 48. axb3 axb3 49. Rb2 Rc3 50. Ng2 c5 51. Ke2 Rc2+ 52. Rxc2 bxc2 53. Kd2 f4 54. exf4 Re2+ 55. Kxe2 c1Q 56. fxg5 Qxg5 57. Ne3 0-1

[Event "Titled Tuesday intern op 25th May"]
[Site "Chess.com INT"]
[Date "2021.05.25"]
[Round "9"]
[White "Langner, Ladislav"]
[Black "Provotorov, Ivan"]
[Result "0-1"]
[WhiteElo "2380"]
[BlackElo "2321"]
[PlyCount "134"]
[EventDate "2021.05.25"]
[EventType "swiss (blitz)"]
[EventRounds "11"]
[EventCountry "USA"]
[SourceTitle "CBM 203 Extra"]
[Source "ChessBase"]
[SourceDate "2021.09.30"]
[SourceVersion "1"]
[SourceVersionDate "2021.09.30"]
[SourceQuality "1"]

1. e4 e6 2. d4 d5 3. e5 c5 4. c3 Qb6 5. Nf3 Nc6 6. a3 f6 7. Bd3 c4 8. Bc2 fxe5 9. Nxe5 Nxe5 10. dxe5 g6 11. 0-0 Bg7 12. Qe2 Nh6 13. Be3 Qc7 14. Bd4 0-0 15. Nd2 Nf5 16. Nf3 Bd7 17. h3 b5 18. g4 Ne7 19. Nh4 Bh6 20. Ng2 g5 21. Qe3 Ng6 22. h4 Nf4 23. Bc5 gxh4 24. Bxf8 Rxf8 25. Nxf4 Bxf4 26. Qh3 Qxe5 27. Rae1 Qg5 28. f3 e5 29. Re2 Bg3 30. Kg2 h5 31. Bf5 Rxf5 32. gxf5 Bxf5 33. Qh1 h3+ 34. Kg1 Bh4+ 35. Rg2 hxg2 36. Qxg2 Qxg2+ 37. Kxg2 Bg5 38. Rd1 Bd3 39. Kf2 Kg7 40. Kg2 Kf6 41. b3 Kf5 42. bxc4 bxc4 43. a4 d4 44. cxd4 exd4 45. a5 Ke5 46. a6 Be2 47. Rb1 c3 48. Rb7 c2 49. Rc7 c1Q 50. Rxc1 Bxc1 51. f4+ Kxf4 52. Kf2 Bxa6 53. Kg1 Bb7 54. Kh2 Ke4 55. Kg3 Kd5 56. Kh4 Bc8 57. Kxh5 Bd7 58. Kh4 Be8 59. Kg3 a6 60. Kf2 a5 61. Ke1 a4 62. Kd1 a3 63. Kxc1 a2 64. Kb2 a1Q+ 65. Kxa1 Ke4 66. Kb1 Ke3 67. Kc1 Ke2 0-1

[Event "Titled Tuesday intern op 25th May"]
[Site "Chess.com INT"]
[Date "2021.05.25"]
[Round "10"]
[White "Provotorov, Ivan"]
[Black "Nazaretyan, Tigran"]
[Result "1-0"]
[WhiteElo "2321"]
[BlackElo "2316"]
[PlyCount "105"]
[EventDate "2021.05.25"]
[EventType "swiss (blitz)"]
[EventRounds "11"]
[EventCountry "USA"]
[SourceTitle "CBM 203 Extra"]
[Source "ChessBase"]
[SourceDate "2021.09.30"]
[SourceVersion "1"]
[SourceVersionDate "2021.09.30"]
[SourceQuality "1"]

1. c4 Nf6 2. Nc3 g6 3. e4 d6 4. d4 Bg7 5. f3 0-0 6. Bg5 c5 7. d5 e6 8. Qd2 h6 9. Be3 exd5 10. cxd5 a6 11. a4 Nbd7 12. Nge2 Ne5 13. Ng3 h5 14. Bg5 Qa5 15. Be2 Nh7 16. Bh6 h4 17. Bxg7 Kxg7 18. Nf1 b5 19. Ne3 c4 20. f4 Nd7 21. 0-0 Nc5 22. axb5 Nb3 23. Rxa5 Nxd2 24. Rd1 Nb3 25. Ra3 Nf6 26. Bxc4 Nc5 27. e5 Ng4 28. Nxg4 Bxg4 29. Rda1 dxe5 30. fxe5 Rfe8 31. b4 Nd7 32. bxa6 Nxe5 33. Bf1 Reb8 34. Nb5 Bd7 35. Ra5 f5 36. Rc1 Kf6 37. Rc7 Rb6 38. a7 f4 39. Rc5 Rb7 40. Rc7 Rb6 41. Nc3 Rxb4 42. d6 Ke6 43. Rcc5 Kxd6 44. Rxe5 Bc6 45. Rg5 Rb3 46. Rxg6+ Kc7 47. Rc5 Rb6 48. Nd5+ Kb7 49. Nxb6 Rxa7 50. Rcxc6 Ra1 51. Rcf6 h3 52. Nd5 f3 53. Rf7+ 1-0

[Event "Titled Tuesday intern op 25th May"]
[Site "Chess.com INT"]
[Date "2021.05.25"]
[Round "8"]
[White "Provotorov, Ivan"]
[Black "Pavlidis, Anastasios"]
[Result "1-0"]
[WhiteElo "2321"]
[BlackElo "2333"]
[PlyCount "77"]
[EventDate "2021.05.25"]
[EventType "swiss (blitz)"]
[EventRounds "11"]
[EventCountry "USA"]
[SourceTitle "CBM 203 Extra"]
[Source "ChessBase"]
[SourceDate "2021.09.30"]
[SourceVersion "1"]
[SourceVersionDate "2021.09.30"]
[SourceQuality "1"]

1. c4 g6 2. Nc3 Bg7 3. Nf3 Nf6 4. e4 d6 5. d4 0-0 6. Be2 e5 7. d5 Ne8 8. Bg5 f6 9. Bh4 g5 10. Bg3 h5 11. h4 g4 12. Nd2 f5 13. exf5 Bxf5 14. Nde4 Nf6 15. Bd3 Nbd7 16. Ng5 e4 17. Bc2 Nc5 18. 0-0 Qe7 19. Re1 Rae8 20. b4 Na6 21. Rb1 Qd7 22. Ncxe4 Nxe4 23. Bxe4 Bc3 24. Bxf5 Qxf5 25. Re6 Bxb4 26. Rb2 Bc5 27. Rbe2 Rxe6 28. dxe6 Nb4 29. a3 Nd3 30. e7 Re8 31. Qd2 Ne5 32. Bxe5 dxe5 33. Qd5+ Kg7 34. Qxc5 Kf6 35. Ne4+ Kf7 36. Qxc7 Rxe7 37. Nd6+ Ke6 38. Qxe7+ Kxe7 39. Nxf5+ 1-0